Normal view
MARC view
- Mufasha, Didas Bakunzi
Entry Personal Name
001 - CONTROL NUMBER
- control field: 11942
003 - CONTROL NUMBER IDENTIFIER
- control field: OSt
005 - DATE AND TIME OF LATEST TRANSACTION
- control field: 20221214124341.0
008 - FIXED-LENGTH DATA ELEMENTS
- fixed length control field: 221214|| aca||aabn | a|a d
040 ## - CATALOGING SOURCE
- Original cataloging agency: OSt
- Transcribing agency: OSt
100 ## - HEADING--PERSONAL NAME
- Personal name: Mufasha, Didas Bakunzi
670 ## - SOURCE DATA FOUND
- Source citation: Work cat.: (OSt): The High Court Bulletin :, 2012